000
00255 a2200109 4500
001
119702
040
_c
Escola Canadense de Niteroi
245
1
0
_a
Aniversariante do mês [Banner]
650
4
_a
Aniversariante
650
4
_a
Língua Portuguesa
942
_c
MATP
999
_c
119702
_d
119702